|
|
|
|
| LEADER |
00000cam a2200000 a 4500 |
| 001 |
vtls001171854 |
| 003 |
SK-MaSNL |
| 005 |
20260301002440.0 |
| 008 |
180126s1994 xr a 00000 cze |
| 020 |
|
|
|a 8020604448
|
| 035 |
|
|
|a SNK000114835
|
| 040 |
|
|
|a SNK
|b slo
|c SNK
|e AACR2
|
| 041 |
1 |
|
|a cze
|h ger
|
| 044 |
|
|
|a xr
|c CZ
|
| 080 |
|
|
|a 796.85
|2 1981
|
| 100 |
1 |
|
|a Rebac, Zoran,
|d 1954-
|4 aut
|9 282269
|
| 240 |
1 |
0 |
|a Thai-Boxen
|l Česky
|
| 245 |
0 |
|
|a Thajský box
|b ... plnokontaktní bojový sport z Asie
|c Zoran Rebac ; z němčiny přeložila Eva Pokorná
|
| 250 |
|
|
|a 1. vyd
|
| 260 |
|
|
|a Praha
|b Naše vojsko
|c 1994
|
| 300 |
|
|
|a 122 s.
|c 21 cm
|
| 490 |
1 |
|
|a Mozaika
|v sv. 7
|
| 650 |
0 |
7 |
|a thajský box
|2 SNKPH
|9 87850
|
| 650 |
0 |
7 |
|a športový tréning
|2 SNKPH
|9 163263
|
| 655 |
|
7 |
|a príručky
|2 SNKPH
|9 74364
|
| 700 |
1 |
|
|a Pokorná, Eva,
|d 1958-
|4 trl
|9 234439
|
| 830 |
|
0 |
|a Mozaika
|9 282270
|
| 852 |
|
|
|a Slovenská národná knižnica
|
| 919 |
|
|
|a 80-206-0444-8
|
| 968 |
|
|
|d Z něm. orig.
|
| 999 |
|
|
|c 537367
|d 539297
|
| 952 |
|
|
|t P60, <04>, [BOOK], {604}
|a SNK
|b SNK
|y VYP
|7 0
|p 17A0036298
|o snkIC 124608
|0 0
|1 0
|4 0
|d 1997-02-20
|l 0
|r 2005-01-01 00:00:00
|w 2026-02-23
|